| 000 | 01059nam a22003137a 4500 | ||
|---|---|---|---|
| 003 | CHAP | ||
| 005 | 20220817042904.0 | ||
| 008 | 971013s1995 mx r 00010 spa d | ||
| 010 | _a58917 | ||
| 011 | _a59889 | ||
| 035 | _a64049 | ||
| 040 | _cCHAP | ||
| 090 | _aR-3526 | ||
| 100 | 0 | 0 |
_aRosas Acevedo, José Luis. _999995 |
| 245 | 1 | _aAcaros reguladores de plagas en granos almacenados | |
| 500 | _aSobretiro de : Revista de la Investigación Científica de la Universidad Autónoma de Guerrero No. 8 : 28 - 37, 1995 | ||
| 590 |
_aBATCH-UPD _b10 _c20130109 _lUCH01 _h2341 |
||
| 590 |
_aBATCH-UPD _b10 _c20130110 _lUCH01 _h1458 |
||
| 590 |
_aBATCH-UPD _b10 _c20130409 _lUCH01 _h1911 |
||
| 590 |
_aBATCH-UPD _b10 _c20130410 _lUCH01 _h0921 |
||
| 590 |
_aBATCH-UPD _b10 _c20130914 _lUCH01 _h0914 |
||
| 590 |
_aCONVERSION _b10 _c20130109 _lUCH01 _h1332 |
||
| 650 | 1 | 4 | _aÁcaros. |
| 650 | 1 | 4 |
_aCereales _xAlmacenamiento _xPlagas. _921378 |
| 650 | 1 | 4 |
_aEntomología económica. _937145 |
| 901 | _aBK | ||
| 942 | _cREIMP | ||
| 949 |
_aR-3526 _bBC _cR _d-138814 _eTS1 _i64049 _si |
||
| 999 |
_c58917 _d58917 |
||